Statistics for Find the City #1

Click here to take the quiz!

General Stats

  • This quiz has been taken 26,100 times
  • The average score is 12 of 18

Answers on the Map

Answers color-coded by a green-red scale on the quiz's map according to % correct below.
 

Answer Stats

CityAnswer% Correct
New YorkE7
100%
Buenos AiresE2
85%
PerthM2
84%
ZurichH7
83%
KrakówI8
80%
GuadalajaraC6
69%
PretoriaI3
69%
CalgaryC8
66%
JeddahJ6
66%
VladivostokN7
64%
MedellínE5
60%
SochiJ7
59%
DerryH8
57%
CuzcoE3
55%
DiliN4
49%
DodomaJ4
44%
YangonL5
44%
MalaboH4/5
35%

Score Distribution

Percentile by Number Answered

Percent of People with Each Score

Your Score History

You have not taken this quiz